000 00431nam a2200169Ia 4500
008 230524s9999 xx 000 0 und d
020 _a8174090347
082 _a540
_bTEW
100 _aJ.P.Tewari
245 0 _a"Engineering Electromagnetics (Theory, Problems & Applications)"
250 _a2ND
260 _aNEW DELHI
_bKhanna
_c2003
300 _a1326
500 _aQuantity Number: 4
650 _aElectrical
942 _cBK
999 _c11391
_d11391